| 000 | 01283cam a2200325 a 4500 | ||
|---|---|---|---|
| 001 | 4314854 | ||
| 003 | OSt | ||
| 005 | 20180116183052.0 | ||
| 008 | 871119s1988 cau b 001 0 eng | ||
| 010 | _a 87033413 | ||
| 020 |
_a0803931867 : _c$28.00 |
||
| 020 |
_a0803931875 (pbk.) : _c$12.95 |
||
| 040 |
_aDLC _cDLC _dDLC |
||
| 050 | 0 | 0 |
_aH62 _b.K754 1988 |
| 082 | 0 | 0 |
_a361.61068 KRU 1988 _219 |
| 100 | 1 | _aKrueger, Richard A. | |
| 245 | 1 | 0 |
_aFocus groups : _ba practical guide for applied research / _cRichard A. Krueger ; foreword by Michael Quinn Patton. |
| 260 |
_aNewbury Park, Calif. : _bSage Publications, _cc1988. |
||
| 300 |
_a197 p. ; _c23 cm. _bphoto copy |
||
| 440 | _aFocus groups / a practical guide for applied research | ||
| 500 | _aIncludes index. | ||
| 504 | _aBibliography: p. 178-193. | ||
| 650 | 0 | _aFocus groups. | |
| 650 | 0 |
_aSocial sciences _xMethodology. |
|
| 856 | 4 | 2 |
_3Publisher description _uhttp://www.loc.gov/catdir/enhancements/fy0654/87033413-d.html |
| 856 | 4 | 1 |
_3Table of contents only _uhttp://www.loc.gov/catdir/enhancements/fy0654/87033413-t.html |
| 856 | 4 | 2 |
_3Contributor biographical information _uhttp://www.loc.gov/catdir/enhancements/fy0829/87033413-b.html |
| 906 |
_a7 _bcbc _corignew _d1 _eocip _f19 _gy-gencatlg |
||
| 942 |
_2ddc _cBK |
||
| 999 |
_c351667 _d351667 |
||